000 00642nam a2200229Ia 4500
003 OSt
005 20221007074135.0
006 a|||||r|||| 00| 0
007 ta
008 221006b |||||||| |||| 00| 0 eng d
024 _a25,936
037 _cTextual
040 _aFLL
_cFLL
_beng
041 _2eng
_aeng
082 _aZQ2:1:6xH14, B8
100 _aSastri S. Sitarama
_9692570
245 0 _aVivadaratnakara on inheritance
260 _aMadras
_bLawrence Asylum Press, Mount Road India
_c1898
300 _aii,1-106p
_ccm.
942 _hZQ2:1:6xH14, B8
_cTEXL
_2CC
999 _c1151293
_d1151293